Mort subite Les stations du métro parisien (3) - Statistiques

Statistiques générales
  • Ce quiz a été pris 174 fois
  • Le résultat moyen est 3 sur 24
Answers on the Grid
Answers color-coded by a green-red scale on the quiz's grid according to % correct below.
Prénom cher à Jacques Brel
Celle-ci n'est pas à Washington
Cultivateurs de légumes
Ménilmuche
Célèbre pour une phrase évoquant des baïonnettes
Notion révolutionnaire du pays
Édifice consacré au chant et à la musique.
Lieu consacré à la danse et à la musique
Plat de purée et de viande hachée
Religieux ou Louis
Lieu de repos
Philippe II
Lieu de rencontre
Marchande de soles et de truites
Le plus vieux de son genre à Paris
Constructions égyptiennes
Massif franco-espagnol
Ville de Bretagne
Régime établi depuis 1875
Incorruptible
Capitale italienne
Petit chemin
Lieu de culte
Victoire de Clovis
Célèbre chant ou cours d'eau
Pays d'Afrique
Commerces en plein air
Scène
La plus célèbre tour de Paris
Il peut être d'agneau
Alternative à l'enfer
Célèbre joueuse de tennis
Dentelle ou ville du Nord
Ancien couvent puis hôpital
Opposées aux défaites
Y reposent les grands hommes
Victoire de 1916
Auteur de Notre-Dame de Paris
Capitale roumaine
Architecte militaire
 
Statistiques - réponses
Réponse % Correct
Rome Capitale italienne
33%
Pyramides Constructions égyptiennes
27%
Rennes Ville de Bretagne
24%
Parmentier Plat de purée et de viande hachée
20%
Nation Notion révolutionnaire du pays
19%
Temple Lieu de culte
18%
Pyrénées Massif franco-espagnol
18%
Sentier Petit chemin
17%
Tolbiac Victoire de Clovis
15%
Poissonnière Marchande de soles et de truites
14%
Opéra Lieu consacré à la danse et à la musique
13%
République Régime établi depuis 1875
13%
Ménilmontant Ménilmuche
12%
Odéon Édifice consacré au chant et à la musique.
11%
Maison blanche Celle-ci n'est pas à Washington
9%
Philippe Auguste Philippe II
9%
Pasteur Religieux ou Louis
9%
Père Lachaise Lieu de repos
6%
Madeleine Prénom cher à Jacques Brel
6%
Maraîchers Cultivateurs de légumes
5%
Robespierre Incorruptible
4%
Pigalle Lieu de rencontre
4%
Mirabeau Célèbre pour une phrase évoquant des baïonnettes
2%
Pont Neuf Le plus vieux de son genre à Paris
1%
Aucun quiz correspondant
Distribution des résultats
% des personnes avec chaque résultat
Percentile par nombre de réponses
Votre historique - résultats
Vous n’avez pas pris ce quiz